000 00491nam a2200193Ia 4500
003 SISC
005 20180912141542.0
008 180905s9999 xx 000 0 und d
020 _a9780439025669
050 _aPZ 7 .W5197 2006
100 _aWesterfeld, Scott
245 _cScott Westerfeld
_aSpecials/
260 _aNY :
_bScholastic Inc.,
_c2006
300 _a372 pages :
_c19 cm.
440 _vvol.3
650 _aBeauty, personal
650 _aJuvenile fiction
942 _2lcc
_cBK
999 _c358530
_d358530